| 000 | 00505nam a2200181Ia 4500 | ||
|---|---|---|---|
| 999 |
_c34126 _d34126 |
||
| 003 | OSt | ||
| 005 | 20200826121751.0 | ||
| 008 | 190216s9999||||xx |||||||||||||| ||und|| | ||
| 020 | _a9780070667327 | ||
| 040 | _coclc | ||
| 082 |
_a530.1595 _bREI/S |
||
| 100 |
_aReif, F _94354 |
||
| 245 | 0 |
_aStatistical Physics / _cF Reif |
|
| 260 |
_bTata Mcgrawhill Publishers, _aNew Delhi: _c2008. |
||
| 300 | _a398p | ||
| 650 | _aPhysics | ||
| 942 |
_cBK _2ddc _h530.1595 _iREI/S _k530.1595 _mREI/S |
||